| 000 | 01261nam a22004097a 4500 | ||
|---|---|---|---|
| 003 | CHAP | ||
| 005 | 20220817044154.0 | ||
| 008 | 070322d2006 it rn 00110 eng d | ||
| 010 | _a93761 | ||
| 011 | _a94733 | ||
| 020 | _a9251055513 | ||
| 035 | _a105329 | ||
| 040 | _cCHAP | ||
| 082 | 0 | 4 |
_a631.7 _bF3 v.150 |
| 110 | 2 | _aFAO | |
| 245 | 1 | 4 |
_aThe new generation of watershed management programmmes and projects _c/by FAO |
| 260 |
_aRome : _bFAO, _c2006. |
||
| 300 |
_a128 p. : _bilus. |
||
| 490 | 0 |
_aFAO. Montes _v; 150 |
|
| 590 |
_aBATCH-UPD _b10 _c20130110 _lUCH01 _h0849 |
||
| 590 |
_aBATCH-UPD _b10 _c20130410 _lUCH01 _h0521 |
||
| 590 |
_aBATCH-UPD _b10 _c20130914 _lUCH01 _h0307 |
||
| 590 |
_aBATCH-UPD _b10 _c20141001 _lUCH01 _h1313 |
||
| 590 |
_aCONVERSION _b10 _c20130109 _lUCH01 _h1352 |
||
| 650 | 1 | 4 |
_aAgua _xAbastecimiento. _92223 |
| 650 | 1 | 4 |
_aAgua _xAprovechamiento. _92282 |
| 650 | 1 | 4 |
_aAgua _xConservacion. _92319 |
| 650 | 1 | 4 |
_aAgua _xDistribucion. _92366 |
| 650 | 1 | 4 |
_aAgua _xUtilización. _92401 |
| 650 | 1 | 4 |
_aCuencas. _930085 |
| 650 | 1 | 4 |
_aHidrografía. _955239 |
| 830 | 0 |
_aFAO. Montes _v; 150 _939632 |
|
| 901 | _aBK | ||
| 905 | _aElisama A. H. | ||
| 942 | _cLIBRO | ||
| 949 |
_a634.9 F3 v.150 _bBC _cFAO _d33724002033314 _eFAO1 _h108669 _i105329 _sb |
||
| 999 |
_c93761 _d93761 |
||